00826nam a2200253 i 450000100090000000300090000900500170001800800410003502000190007602000180009504000330011308200190014624501500016525000240031526000350033930000400037450400510041450500110046565000150047665000260049170000180051770000190053570000180055400020167BD-DhUAP20201207111409.0191105s2015 ii a b 001 0 eng  a9781455726134  a9788131239025 aDNLM/DLCbengcDLCdBD-DhUAP00223a616.07 ROB00aRobbins and Cotran pathologic basis of disease /cedited by Vinay Kumar, Abul K. Abbas and Jon C. Aster ; with illustrations by James A. Perkins. aSouth Asia edition. aIndia :bElsevier Inc,cc2015. avolumes :billustrations ;c29 cm.  aIncludes bibliographical references and index. aV. 2-- 0aPathology.12aPathologic Processes.1 aKumar, Vinay.1 aAbbas, Abul K.1 aAster, Jon C.